| 000 | 00733cam a2200253 a 4500 | ||
|---|---|---|---|
| 001 | 12382665 | ||
| 005 | 20180313053516.0 | ||
| 008 | 010417s2002 txua b 001 0 eng | ||
| 010 | _a 2001090067 | ||
| 020 | _a0030332265 | ||
| 020 | _a0030343186 (disc) | ||
| 020 | _a0030340683 (guide) | ||
| 040 |
_aDLC _cDLC _dDLC |
||
| 041 | _aeng | ||
| 080 | _a658 BOO | ||
| 082 | 0 | 0 |
_a658 BOO _221 |
| 100 | 1 | _a57 | |
| 101 | _aBIZ | ||
| 245 | 1 | 0 |
_aContemporary business / _cLouis E. Boone, David L. Kurtz. |
| 504 | _aIncludes bibliographical references and indexes. | ||
| 906 |
_a7 _bcbc _corignew _d3 _eepcn _f20 _gy-gencatlg |
||
| 942 |
_2ddc _cBK |
||
| 999 |
_c44859 _d44859 |
||